[Event "Zuerich op-B 39th"]
[Site "Zuerich"]
[Date "2015.12.27"]
[Round "3"]
[White "Fischer, Daniel"]
[Black "Ballmer, Boris"]
[Result "1/2-1/2"]
[WhiteElo "1846"]
[BlackElo "2049"]
[PlyCount "89"]
[EventDate "2015.12.26"]
[EventType "swiss"]
[EventRounds "7"]
[EventCountry "SUI"]
[SourceTitle "CBM 170 Extra"]
[Source "ChessBase"]
[SourceDate "2016.02.25"]
[SourceVersion "1"]
[SourceVersionDate "2016.02.25"]
[SourceQuality "1"]

1. e4 c5 2. Nf3 Nc6 3. d4 cxd4 4. Nxd4 Nf6 5. Nc3 e5 6. Ndb5 d6 7. Bg5 a6 8. Na3 b5 9. Nd5 Be7 10. Bxf6 Bxf6 11. c3 0-0 12. Nc2 Bg5 13. Bd3 Be6 14. Nce3 Kh8 15. 0-0 Bxe3 16. Nxe3 d5 17. exd5 Bxd5 18. Bxh7 Kxh7 19. Qxd5 Qb6 20. Qe4+ g6 21. Qh4+ Kg7 22. Nd5 Qd8 23. Qxd8 Rfxd8 24. Rfd1 e4 25. Ne3 Ne5 26. Rxd8 Rxd8 27. Rd1 Nd3 28. Rd2 f5 29. Kf1 Kf6 30. Nc2 a5 31. Ne1 Ke5 32. g3 g5 33. Nxd3+ exd3 34. f3 g4 35. Kf2 f4 36. gxf4+ Kxf4 37. fxg4 Ke4 38. Ke1 b4 39. cxb4 axb4 40. h4 Rc8 41. Kd1 Rf8 42. Ke1 Rc8 43. Kd1 Rf8 44. Ke1 Rc8 45. Kd1 1/2-1/2

[Event "Zuerich op-B 39th"]
[Site "Zuerich"]
[Date "2015.12.26"]
[Round "1"]
[White "Huggler, Andreas"]
[Black "Ballmer, Boris"]
[Result "0-1"]
[WhiteElo "1747"]
[BlackElo "2049"]
[PlyCount "74"]
[EventDate "2015.12.26"]
[EventType "swiss"]
[EventRounds "7"]
[EventCountry "SUI"]
[SourceTitle "CBM 170 Extra"]
[Source "ChessBase"]
[SourceDate "2016.02.25"]
[SourceVersion "1"]
[SourceVersionDate "2016.02.25"]
[SourceQuality "1"]

1. d4 Nf6 2. Nc3 c5 3. d5 d6 4. e4 g6 5. f4 Bg7 6. Nf3 0-0 7. Be3 Qa5 8. Qd2 Ng4 9. Bg1 e6 10. h3 Nf6 11. g4 exd5 12. exd5 Re8+ 13. Be2 b5 14. Ne4 Qxd2+ 15. Nexd2 Nxd5 16. Kd1 Bd7 17. c3 Nxf4 18. Bf1 Bc6 19. Rh2 Nd7 20. Kc2 a5 21. Rd1 b4 22. c4 a4 23. a3 bxa3 24. bxa3 Rab8 25. Rb1 Rxb1 26. Kxb1 Rb8+ 27. Kc2 Ne5 28. Nxe5 Bxe5 29. Rf2 Rb2+ 30. Kd1 Ra2 31. h4 Ne6 32. Bd3 Rxa3 33. Bb1 Ra1 34. Re2 a3 35. Kc2 a2 36. Bxa2 Rxa2+ 37. Kb3 Ra1 0-1

[Event "Berlin op 10"]
[Site "Berlin"]
[Date "2005.11.17"]
[Round "6"]
[White "Schildt, Rene"]
[Black "Ballmer, Boris"]
[Result "1/2-1/2"]
[WhiteElo "1754"]
[BlackElo "1943"]
[PlyCount "72"]
[EventDate "2005.10.13"]
[EventType "swiss"]
[EventRounds "7"]
[EventCountry "GER"]
[SourceTitle "EXT 2007"]
[Source "ChessBase"]
[SourceDate "2006.11.23"]
[SourceVersion "1"]
[SourceVersionDate "2006.11.23"]
[SourceQuality "1"]

1. e4 c5 2. Nf3 Nc6 3. d4 cxd4 4. Nxd4 Nf6 5. Nc3 e5 6. Ndb5 d6 7. Bg5 a6 8. Na3 b5 9. Bxf6 gxf6 10. Nd5 f5 11. exf5 Bxf5 12. c3 Be6 13. Nc2 Bg7 14. Nce3 0-0 15. Bd3 f5 16. Qh5 e4 17. Bc2 Bxd5 18. Nxd5 Ne5 19. Rd1 Rc8 20. 0-0 Rc5 21. Bb3 Nc4 22. Qe2 Kh8 23. Nf4 Qe8 24. Rd5 Be5 25. Rxc5 dxc5 26. Bxc4 Bxf4 27. Bd5 Bxh2+ 28. Kxh2 Qe5+ 29. Kg1 Qxd5 30. Rd1 Qe6 31. Qe3 c4 32. Qc5 Rf6 33. Qc7 Rf7 34. Rd8+ Kg7 35. Qg3+ Qg6 36. Qe5+ Qf6 1/2-1/2